Score 0/12 Timer 04:00
29 Plays Today
% Correct
February
91.1%
September
89.4%
October
88.1%
March
80.6%
July
79.1%
May
77%
June
71.8%
April
65%
November
58.3%
December
57.7%
January
51.5%
August
48.7%
Remove Ads.
Support Sporcle.
Get the best of Sporcle when you Go Orange. This ad-free experience offers more features, more stats, and more fun while also helping to support Sporcle. Thank you for becoming a member.

You're not logged in!

Compare scores with friends on all Sporcle quizzes.
OR
Log In

Show Comments

Extras

Top Quizzes Today


Score Distribution

Your Account Isn't Verified!

In order to create a playlist on Sporcle, you need to verify the email address you used during registration. Go to your Sporcle Settings to finish the process.

Report this User

Report this user for behavior that violates our Community Guidelines.

Details: